|
|
|
|
| LEADER |
00000nam0a2200000 4500 |
| 001 |
255076 |
| 005 |
20231101233007.0 |
| 035 |
|
|
|a (RuTPU)RU\TPU\book\277579
|
| 090 |
|
|
|a 255076
|
| 100 |
|
|
|a 20140326d1986 k y0rusy50 ca
|
| 101 |
0 |
|
|a rus
|
| 102 |
|
|
|a BY
|
| 105 |
|
|
|a a z 001zy
|
| 200 |
1 |
|
|a Электрохимия полупроводниковых гетероструктур
|f А. И. Кулак
|
| 210 |
|
|
|a Минск
|c Университетское
|d 1986
|
| 215 |
|
|
|a 192 с.
|c ил.
|
| 320 |
|
|
|a Библиогр.: с. 178-190.
|
| 606 |
1 |
|
|a Полупроводники
|x Электрохимия
|2 stltpush
|3 (RuTPU)RU\TPU\subj\50643
|9 69295
|
| 610 |
1 |
|
|a гетеропереходы
|
| 610 |
1 |
|
|a строение
|
| 610 |
1 |
|
|a фотоэлектрохимические процессы
|
| 610 |
1 |
|
|a гетероструктуры
|
| 610 |
1 |
|
|a полупроводники
|
| 610 |
1 |
|
|a электрохимические процессы
|
| 610 |
1 |
|
|a металл-электролит
|
| 675 |
|
|
|a 537.311.322:541
|v 3
|
| 700 |
|
1 |
|a Кулак
|b А. И.
|g Анатолий Иосифович
|
| 801 |
|
1 |
|a RU
|b 63413507
|c 20140326
|
| 801 |
|
2 |
|a RU
|b 63413507
|c 20141226
|g RCR
|
| 942 |
|
|
|c BK
|